000 00475nam a22002057a 4500
001 21549
005 20260312103843.0
008 260312b |||||||| |||| 00| 0 spa d
041 _aESP
082 _aS 720
_bD36
100 _aDe Sola-Morales, Ignasi
245 _aIntroducción a la arquitectura
260 _a :
_b ,
_c2002
300 _a156 páginas :
_b ;
_c25 cm.
440 _a ;
650 _aADE
654 _aCAU
700 _a;
942 _cLIB
_dJUS
_fJUS
_2ddc
999 _c21549
_d21549